| 000 | 00978nas a2200313 4500 | ||
|---|---|---|---|
| 001 | BR0900200 | ||
| 003 | BR-BrBNA | ||
| 005 | 20231205113020.0 | ||
| 007 | ta | ||
| 008 | 230509b bl.|||p| |||| 00| 00por d | ||
| 040 |
_aBR-BrBNA _bpor _cBiblioteca Nacional de Agricultura |
||
| 041 | _a(Pt) | ||
| 072 | _aL70; L74 | ||
| 100 | 1 | _aLeomil Neto, M. | |
| 100 | 1 | _aPascoal, L.A.D.B. | |
| 100 | 1 | _aBalieiro, J.C.C. | |
| 100 | 1 | _aLarsson, M.H.M.A. | |
| 100 | 1 | _aBombonato, P.P. | |
| 100 | 1 | _aBenedicto, H.G. | |
| 100 | 1 | _aElton, L.B. | |
| 245 | 1 | _aO carvedilol no tecido conjuntivo cardíaco de ratos durante o desenvolvimento da hipertrofia miocárdica concêntrica | |
| 650 | _aRATO | ||
| 650 | _aDISTÚRBIO FISIOLÓGICO | ||
| 650 | _aANIMAL DE LABORATÓRIO | ||
| 650 | _aVETERINÁRIA | ||
| 773 | 0 |
_tCiência Rural (Brazil) _xISSN 0103-8478 _g(Jul-Aug 2006), v. 36(4) p. 1214-1220 _wBR0900200 |
|
| 909 |
_a202311 _bLúcia _c55 _dLúcia Elande |
||
| 942 |
_2AGRIS _n0 _cANA |
||
| 999 |
_c201346 _d201346 |
||